000 00640nam a2200229Ia 4500
003 OSt
005 20221005101651.0
006 a|||||r|||| 00| 0
007 ta
008 221004b |||||||| |||| 00| 0 mal d
024 _a53841
037 _cTextual
040 _aCRL
_cCRL
_bmal
041 _2mal
_amal
082 _aO32v.N, K8.1-.2
100 _aRajaraja Varma Raja
_9622486
245 0 _aKerala sahitya charitram
260 _aTrichur
_bMangalodayam Ltd. India
_c1968
650 _aMALAYALAM LITERATURE
_938866
942 _hO32v.N, K8.1-.2
_cTEXL
_2cc
999 _c1007147
_d1007147